Developments in plant and soil science; N81 Nutrients,Resource management in rice systems

Uloženo v:
Podrobná bibliografie
Hlavní autor: Developments in plant and soil science; N81
Médium: Kniha
Jazyk:Undetermined
Vydáno: Manila IRRI 1999
Témata:
Tagy: Přidat tag
Žádné tagy, Buďte první, kdo otaguje tento záznam!
Thư viện lưu trữ: Trung tâm Học liệu Trường Đại học Cần Thơ
LEADER 00554nam a2200181Ia 4500
001 CTU_34007
008 210402s9999 xx 000 0 und d
082 |a 631.4 
082 |b D489 
100 |a Developments in plant and soil science; N81 
245 0 |a Developments in plant and soil science; N81 
245 0 |b Nutrients,Resource management in rice systems 
260 |a Manila 
260 |b IRRI 
260 |c 1999 
650 |a soil science 
904 |i Nguyễn Quang Điền, 991123 
980 |a Trung tâm Học liệu Trường Đại học Cần Thơ